000 00294nam a2200145Ia 4500
100 _aKeay/John
942 _cBK
366 _f17.5
654 _ahistory
245 _aA history of India
260 _bHarper collins
_c2007
082 _a808.83/KEA
_bKEA
300 _a576
546 _aENGLISH
999 _c28620
_d28620